Jughrāfīyat al-sukkān : usus ʻāmmah /

Saved in:
Bibliographic Details
Main Author: Khaffāf, ʻAbd ʻAlī.
Format: Book
Language:Arabic
Published: ʻAmmān, al-Urdun : Dār al-Fikr, 1999.
Edition:al-Ṭabʻah 1.
Subjects:
Tags: Add Tag
No Tags, Be the first to tag this record!
LEADER 00673nam a2200229 a 4500
001 008221663-0
005 20020606104010.5
008 950210s1999 jo a bs 000|0 ara d
020 |a 9957070665 
035 0 |a ocm42778694 
100 1 |a Khaffāf, ʻAbd ʻAlī. 
245 1 0 |a Jughrāfīyat al-sukkān :  |b usus ʻāmmah /  |c ʻAbd ʻAlī al-Khaffāf. 
250 |a al-Ṭabʻah 1. 
260 |a ʻAmmān, al-Urdun :  |b Dār al-Fikr,  |c 1999. 
300 |a 304 p. :  |b ill. ;  |c 24 cm. 
504 |a Includes bibliographical references. 
650 0 |a Population geography. 
650 0 |a Demography. 
650 0 |a Human geography. 
752 |a Jordan  |d Amman. 
988 |a 20020608 
906 |0 MH